000 01039nam a2200229 a 4500
001 000027255
005 20200930030713.0
008 110330s1996 dr d 000 0 spa d
040 _aDO-SdBNP
_bspa
_cBNPHU
082 _a338.642097293
_bC112c
100 1 _aCabal, Miguel
_99628
245 1 0 _aCambio en el tamaño y el empleo del sector de las microempresas y pequeñas empresas en la República Dominicana 1992-1995 /
_cMiguel Cabal; presentación Mario Dávalos.
260 _aSanto Domingo :
_bFondo para el Financiamiento de la Microempresa,
_c1996.
300 _axi, 81 p. :
_bgráf. ;
_c27 cm.
504 _aIncluye referencias bibliográficas y notas al pie de las páginas
590 _aInventariado,2018/DG
650 4 _aMicroempresas
_zRepública Dominicana
_y1992-1995
_954307
651 4 _aRepública Dominicana
_xCondiciones Económicas
_y1961-
_97344
700 1 2 _aDávalos, Mario
_99529
710 2 _aFondo para el Financiamiento de la Microempresa (República Dominicana)
_99642
910 _aValidado. Control de calidad MFF
999 _c26747
_d26747